Thú chơi cá kiểng : Kỹ thuật mới về cá tai tượng

সংরক্ষণ করুন:
গ্রন্থ-পঞ্জীর বিবরন
বিন্যাস: গ্রন্থ
ভাষা:Undetermined
প্রকাশিত: Hà Nội Mỹ Thuật 1998
বিষয়গুলি:
ট্যাগগুলো: ট্যাগ যুক্ত করুন
কোনো ট্যাগ নেই, প্রথমজন হিসাবে ট্যাগ করুন!
Thư viện lưu trữ: Trung tâm Học liệu Trường Đại học Cần Thơ
LEADER 00621nam a2200193Ia 4500
001 CTU_35361
008 210402s9999 xx 000 0 und d
020 |c 13000 
082 |a 639.34 
082 |b Th500 
245 0 |a Thú chơi cá kiểng : 
245 0 |b Kỹ thuật mới về cá tai tượng 
245 0 |c Nguyễn Minh biên soạn 
260 |a Hà Nội 
260 |b Mỹ Thuật 
260 |c 1998 
650 |a Aquarium fishes,Ornamental fishes 
904 |i Minh, Hải đổi số pl 639.34/M312 thành 639.34/Th500 
980 |a Trung tâm Học liệu Trường Đại học Cần Thơ